=LDR 00000nam 2200000 4500 =001 INLIS000000000003960 =005 20130612092244 =008 ***********************************Ind** =035 ##$$0010-061300000003960 =041 ##$$a Ind =082 ##$$a 92(Rais) =090 ##$$a 92(Rais), Rai a =100 ##$$a Rais, M.Amien =245 ##$$a Amien Rais berjuang menuntut perubahan, DR.M.Amien Rais; penyunting, Ahmad Bahar =260 ##$$a 1998 $b Yogyakarta =300 ##$$a xiv, 204 hlm., 20 cm =650 ##$$a Rais, M =650 ##$$a Amien, 1944- =700 ##$$a Bahar, Ahmad =850 ##$$a NBPNMAT